Schlagzeilen erraten - Statistiken

Allgemein
  • Dieses Quiz wurde 89 mal gespielt
  • Das Durchschnittsergebnis liegt bei 7 aus 10
Antwortstatistiken
Schlagzeile Antwort % Korrekt
"BERLINER MAUER FÄLLT: GRENZEN GEÖFFNET - DEUTSCHLAND JUBELT" 1989
96%
"ATOMBOMBE ZERSTÖRT HIROSHIMA: TAUSENDE TOTE NACH SCHOCKIERENDEM ANGRIFF" 1945
86%
"CHERNOBYL-EXPLOSION: RADIOAKTIVE STOFFE FREIGESSET - STADT PRIPIAT EVAKUIERT" 1986
85%
"TITANIK SINKT AUF IHRER JUNGFERN FAHRT" 1912
81%
"ÖSTERREICHISCHER THRONFOLGER FRANZ FERDINAND IN SARAJEVO ERMORDET" 1914
77%
"NUKLEARKATASTROPHE VON FUKUSHIMA" 2011
77%
"SCHOKIERENDE ENTFÜHRUNG EINES PASSAGIER FLUGZUGS DURCH DIE ROTE ARMEE FRAKTION" 1977
61%
"DAS HINDENBURG DESASTER" 1937
58%
"CHRISTOPH KOLUMBUS ERREICHT AMERIKA: NEUE WELT ENTDECKT" 1492
57%
"DAS RÖMISCHE REICH FÄLLT: IMPERIUM GEHT ZU ENDE 476
4%
Keine übereinstimmenden Quizze gefunden
Verteilung der Resultate
Anzahl Personen mit jedem Resultat
Perzentil nach korrekt beantworteten Fragen
Ihre Resultats-Entwicklung
Sie haben dieses Quiz noch nicht gespielt